书目信息 |
| 题名: |
海上的风笛声
|
|
| 作者: | 阚天下 主编 | |
| 分册: | ||
| 出版信息: | 南京 江苏凤凰教育出版社 2015 |
|
| 页数: | 241页 | |
| 开本: | 24cm | |
| 丛书名: | 穿越时空系列 | |
| 单 册: | ||
| 中图分类: | K562.09 | |
| 科图分类: | ||
| 主题词: | ||
| 电子资源: | ||
| ISBN: | 978-7-5499-1643-6 | |
| 000 | 01107oam2 2200265 450 | |
| 001 | 012001004827 | |
| 005 | 20140928162350.0 | |
| 010 | @a978-7-5499-1643-6@dCNY36.00 | |
| 100 | @a20151101d2015 em y0chiy50 ea | |
| 101 | 0 | @achi |
| 102 | @aCN@b320000 | |
| 105 | @aa z 000yy | |
| 106 | @ar | |
| 200 | 1 | @a海上的风笛声@9hai shang de feng di sheng@e凯尔特人的爱尔兰 公元400-1200@f阚天下主编 |
| 210 | @a南京@c江苏凤凰教育出版社@d2015 | |
| 215 | @a241页@c图@d24cm | |
| 225 | 2 | @a穿越时空系列 |
| 330 | @a提到“爱尔兰”这个国家,我们似乎很熟悉,它依靠着大西洋,与英国隔海相望;它历史悠久、风景秀美,有着丰富多彩的文化和神秘的宗教。对于这样一个国家,我们无法不好奇讲着独特的爱尔兰语的凯尔特人都有着怎样古老的故事。所以,强烈的求知欲指引着我们,穿过时光的重重阻隔,走向爱尔兰,去用心了解、认真感悟。 | |
| 461 | 0 | @12001 @a穿越时空系列 |
| 517 | 1 | @a凯尔特人的爱尔兰 公元400-1200@9kai er te ren de ai er lan gong yuan 400-1200 |
| 607 | @a爱尔兰@x历史@j通俗读物 | |
| 690 | @aK562.09@v5 | |
| 701 | 0 | @a阚天下@9kan tian xia@4主编 |
| 801 | 0 | @aCN@b上海新华@c20180901 |
| 905 | @b1171615-9@dK562.09@e2@f5 | |
| 海上的风笛声:凯尔特人的爱尔兰 公元400-1200/阚天下主编.-南京:江苏凤凰教育出版社,2015 |
| 241页:图;24cm.-(穿越时空系列) |
| ISBN 978-7-5499-1643-6:CNY36.00 |
| 提到“爱尔兰”这个国家,我们似乎很熟悉,它依靠着大西洋,与英国隔海相望;它历史悠久、风景秀美,有着丰富多彩的文化和神秘的宗教。对于这样一个国家,我们无法不好奇讲着独特的爱尔兰语的凯尔特人都有着怎样古老的故事。所以,强烈的求知欲指引着我们,穿过时光的重重阻隔,走向爱尔兰,去用心了解、认真感悟。 |
| ● |
| 相关链接 |
|
|
|
|
正题名:海上的风笛声
索取号:K562.09/2
 
预约/预借
| 序号 | 登录号 | 条形码 | 馆藏地/架位号 | 状态 | 备注 |
| 1 | 1171615 | 211716151 | 第二样本阅览室/ [索取号:K562.09/2] | 在馆 | |
| 2 | 1171616 | 211716160 | 第二借阅区/ [索取号:K562.09/2] | 在馆 | |
| 3 | 1171617 | 211716179 | 第二借阅区/ [索取号:K562.09/2] | 在馆 | |
| 4 | 1171618 | 211716188 | 第二借阅区/ [索取号:K562.09/2] | 在馆 | |
| 5 | 1171619 | 211716197 | 密集书库-史法系/ [索取号:K562.09/2] | 在馆 |